00643nam a22001697a 4500999001900000003000500019020002400024038001100048082001500059100002500074245005600099260004600155300001300201942001200214952010700226952014000333 c531924d531924NUST a9789699290206qP/B. awaseem a297.4bBAH aBahoo, Sultan925095 aNur-ul-Huda:bThe Light of Guidance /cSultan Bahoo aLahore :bAl-Afireen Publications,c2019. a327 p. ; 2ddccBK 00102ddc4070aCLbCLcISLd2019-11-04eDonationl0o297.4 BAHpCL-D-763r2019-11-04w2019-11-04yBK 00102ddc4070aCLbCLcISLd2022-07-13eDonated by Muslim Institute l1o297.4 BAHpCL-D-1807r2025-02-13s2025-01-08w2022-07-13yBK